Bălgarsko-slovaški razgovornik
| Other Authors: | , |
|---|---|
| Format: | Book |
| Language: | Bulgarian Slovak |
| PhysicalDescription: | 447 s. ilustr., tab. 10 x 13 cm |
| Published: |
Pleven
Izdateľstvo GRAMMA
2006
|
| ISBN: | 9789548805742 954880574X |
| Edition: | Părvo izdanije |
| Subjects: |
MARC
| LEADER | 00000nam a2200000 a 4500 | ||
|---|---|---|---|
| 001 | vtls011556356 | ||
| 003 | SK-MaSNL | ||
| 005 | 20260301220406.0 | ||
| 008 | 171219s2006 bu a 000 0 bul | ||
| 015 | |a SNBZSA2016/10 | ||
| 020 | |a 9789548805742 |q (brožované) | ||
| 020 | |a 954880574X |q (brožované) | ||
| 035 | |a 2DD36508-7C80-4485-8D2F-177B54F56EFA | ||
| 035 | |a urn:nbn:sk:snk-amyc04 | ||
| 035 | |a urn:nbn:sk:snk-am00cfou | ||
| 040 | |a SNK |b slo |c SNK |e AACR2 | ||
| 041 | 0 | |a bul |a slo | |
| 044 | |a bu |c BG | ||
| 072 | 7 | |a 81 |x Lingvistika. Jazyky |2 konspekt | |
| 072 | 7 | |a 811.163 |x Južnoslovanské jazyky |2 konspekt | |
| 080 | |a 811.163.2 |2 2011 | ||
| 080 | |a 811.162.4 |2 2011 | ||
| 080 | |a (038)81 |2 2011 | ||
| 245 | 0 | 0 | |a Bălgarsko-slovaški razgovornik |c săstaviteli: Katarina Sedlakova, Daniela Konstantinova |
| 250 | |a Părvo izdanije | ||
| 260 | |a Pleven |b Izdateľstvo GRAMMA |c 2006 | ||
| 300 | |a 447 s. |b ilustr., tab. |c 10 x 13 cm | ||
| 650 | 0 | 7 | |a bulharčina |2 SNKPH |9 1707 |
| 650 | 0 | 7 | |a Bulgarian language |2 SNKPHeng |9 305780 |
| 650 | 0 | 7 | |a slovenčina |2 SNKPH |9 1350 |
| 650 | 0 | 7 | |a Slovak language |2 SNKPHeng |9 266031 |
| 655 | 7 | |a dvojjazyčné prekladové slovníky |2 SNKPH |9 70744 | |
| 655 | 7 | |a Bilingual translation dictionaries |2 SNKPHeng |9 287935 | |
| 700 | 1 | |a Sedláková, Katarína, |d 1976- |4 com |9 192647 | |
| 700 | 1 | |a Konstantinova, Daniela |4 com |9 325183 | |
| 919 | |a 978-954-8805-74-2 | ||
| 919 | |a 954-8805-74-X | ||
| 958 | |a ZS | ||
| 958 | |a NB | ||
| 999 | |c 931595 |d 933525 | ||
| 952 | |a SNK |b SNK |y PREZ |7 0 |p 17A1124895 |o snkSE 13169 |i snk2016/13984 |8 3 |g 42.90 |0 0 |1 0 |4 0 |d 2016-05-31 |f 1 |l 0 |r 2026-02-24 08:51:18 |w 2026-02-24 | ||


